000 00813nam a2200241 i 4500
003 DO-SdBNP
005 20250310141156.0
007 ta
008 180528s2017 dr ac 000 spa d
020 _a9789993475286
040 _aDO-SdBNP
_bspa
_cBNPHU
_erda
082 4 _222
_axxx
_bH542d
100 1 _aHeredia Guerrero, Carmen de,
_eautor
_4aut.
_983187
245 1 0 _aDesde platea /
_cCarmen Heredia de Guerrero ; prólogo, Franklín Domínguez
264 1 _aSanto Domingo :
_bCorripio,
_c2017.
300 _a765 páginas :
_bilustraciones y retratos ;
_c23 cm.
336 _atexto
_btxt
_2rdacontent
337 _asin mediación
_bn
_2rdamedia
338 _avolumen
_bnc
_2rdacarrier
590 _aInventariado, 2023/BT
700 1 _aFranklín Domínguez, Franklín,
_epróloguista
_4pr.
_987149
942 _2ddc
_cLBS1
999 _c46916
_d46916